Mexican Restaurant Specials Beat the Clock - Statistics

General Stats
  • This quiz has been taken 3,012 times
    3,011 since last reset
  • The average score is 3 of 7
Answer Stats
Hint Answer % Correct
Taco Tuesday Taco Tuesday
90%
Margarita Monday Margarita Monday
89%
Wepa Wednesday Wepa Wednesday
69%
Thirsty Thursday Thirsty Thursday
40%
Flauta Friday Flauta Friday
25%
Sopa Saturday Sopa Saturday
13%
Salsa Sunday Salsa Sunday
9%
No matching quizzes found
Score Distribution
Percent of People with Each Score
Percentile by Number Answered
Your Score History
You have not taken this quiz since the last reset